000 00705nam a22001577a 4500
003 OSt
005 20150921161435.0
008 150921b xxu||||| |||| 00| 0 eng d
040 _cRUA
082 _aAGR CHA 2006 B034 Or.1
100 _91034
_aCHAN, THIDA.
245 _aEffect of calcium carbonate on straw mushroom spawns at royal university of agriculture ឥទ្ធិពលនៃបរិមាណកាល់ស្យូមកាបូណាតលើការលូតលាស់ របស់ផ្សិតចំបើងនៅសាកលវិទ្យាល័យភូមិន្ទកសិកម្ម
260 _aPhnom Penh
_bRUA
_c2006
300 _a43p.
_bill.
_c29cm.
942 _2ddc
_cAGR
999 _c992
_d992